000 00245nmm a2200085Ia 4500
008 220120s9999||||xx |||||||||||||||||und||
100 _aDigit
245 0 _a24 amazing short films; the complete essential spack, window
260 _aNine dot Nine
_c2013
999 _c139877
_d139877